Estatísticas para Jogadores por Trajetória #1

Clique aqui para jogar o quiz

Estatísticas Gerais

  • Esse quiz foi jogado 193 vezes
  • A pontuação média é 17 de 20

Estatísticas das Respostas

TrajetóriaJogador% Correto
Sporting–Manchester United–Real Madrid–Juventus–Manchester United–Al NassrCristiano Ronaldo
98%
Santos–Barcelona–PSG–Al HilalNeymar
96%
Barcelona–PSG–Inter de MiamiLionel Messi
93%
Nacional–Groningen–Ajax–Liverpool–Barcelona–Atlético de Madrid–Nacional–Grêmio–Inter de MiamiLuis Suárez
93%
Monaco–PSGKylian Mbappé
92%
São Paulo–Milan–Real Madrid–Milan–São Paulo–Orlando CityKaká
91%
Bahia–Sevilla–Barcelona–Juventus–PSG–São Paulo–Barcelona–PumasDaniel Alves
90%
Bryne–Molde–RB Salzburg–Borussia Dortmund–Manchester CityErling Haaland
90%
Cruzeiro–PSV–Barcelona–Internazionale–Real Madrid–Milan–CorinthiansRonaldo Nazário
88%
Malmö–Ajax–Juventus–Internazionale–Barcelona–Milan–PSG–Manchester United–LA Galaxy–MilanZlatan Ibrahimović
88%
Santos–New York CosmosPelé
86%
Al Mokawloon–Basel–Chelsea–Fiorentina–Roma–LiverpoolMohamed Salah
84%
Genk–Chelsea–Werder Bremen–Wolfsburg–Manchester CityKevin De Bruyne
83%
Vasco–PSV–Barcelona–Flamengo–Valencia–Flamengo–Vasco–Fluminense–Al-Sadd–Fluminense–Vasco–Miami FC–Adelaide United–Vasco–América RJRomário
83%
Lyon–Real Madrid–Al-IttihadKarim Benzema
80%
Metz–RB Salzburg–Southampton–Liverpool–Bayern de Munique–Al NassrSadio Mané
80%
Genk–Atlético de Madrid–Chelsea–Real MadridThibaut Courtois
79%
Flamengo–Udinese–Flamengo–Kashima AntlersZico
76%
Groningen–PSV–Chelsea–Real Madrid–Bayern de Munique–GroningenArjen Robben
74%
Cannes–Bordeaux–Juventus–Real MadridZinédine Zidane
63%

Distribuição das Pontuações

Percentil de Números Respondidos

Porcentagem de Pessoas com Cada Pontuação

Sua Pontuação Histórica

Você não jogou esse quiz